[Event "3. Wittelsbacher Weihnachts-Schach-Open"]
[Site "Kelheim"]
[Date "2014.12.28"]
[Round "5.31"]
[White "Gießmann, Stephan"]
[Black "Blank, Stefan"]
[Result "1-0"]
[WhiteElo "2266"]
[BlackElo "1827"]
[PlyCount "103"]
[EventDate "2014.??.??"]
[WhiteTeam "SK Kelheim"]
[BlackTeam "SC Sulzbach"]

1. d4 Nf6 2. Bg5 Ne4 3. Bf4 d6 4. e3 g6 5. Bd3 Nf6 6. Nf3 Bg7 7. h3 O-O 8. O-O
Nbd7 9. c4 c5 10. Nc3 Re8 11. d5 Nh5 12. Bh2 b5 13. cxb5 a6 14. Qc2 Ra7 15.
Rfe1 Qa5 16. Nd2 Bb7 17. Nc4 Qc7 18. e4 Rb8 19. a4 Bc8 20. g4 Bxc3 21. bxc3
axb5 22. axb5 Rxa1 23. Rxa1 Ng7 24. Ra3 h5 25. Qa2 hxg4 26. hxg4 Nb6 27. Ra7
Rb7 28. Rxb7 Qxb7 29. Nxb6 Qxb6 30. Qa8 Qb7 31. Qxb7 Bxb7 32. b6 f5 33. Bb5 e5
34. Bc6 Ba6 35. exf5 gxf5 36. gxf5 Nxf5 37. b7 Bxb7 38. Bxb7 Kf7 39. Kg2 Ke7
40. Bc8 Ng7 41. Kf3 Ne8 42. Bg3 Kd8 43. Be6 Nc7 44. Bh4+ Ke8 45. Ke4 Nb5 46.
Kd3 Kf8 47. Kc4 Na3+ 48. Kb3 Nb5 49. Bd7 Nc7 50. Kc4 Na6 51. Kb5 Nc7+ 52. Kc6
1-0

[Event "3. Wittelsbacher Weihnachts-Schach-Open"]
[Site "Kelheim"]
[Date "2014.12.28"]
[Round "5.32"]
[White "Weigert, Wilhelm"]
[Black "Goderbauer, Josef"]
[Result "1/2-1/2"]
[WhiteElo "2040"]
[BlackElo "1735"]
[PlyCount "119"]
[EventDate "2014.??.??"]
[WhiteTeam "SK Kelheim"]
[BlackTeam "SC Moosburg"]

1. c4 g6 2. Nc3 Bg7 3. g3 d6 4. Bg2 e5 5. Nf3 Nc6 6. Rb1 a5 7. a3 f5 8. O-O Nf6
9. b4 axb4 10. axb4 Qe7 11. d3 O-O 12. b5 Nd8 13. Bg5 Ne6 14. Nd5 Qe8 15. Nxf6+
Bxf6 16. Bxf6 Rxf6 17. Ra1 Rxa1 18. Qxa1 Qe7 19. e3 g5 20. Qa3 b6 21. Nxe5 Qg7
22. Qa8 Rf8 23. Nc6 Nc5 24. Bd5+ Kh8 25. d4 Bb7 26. Qa3 Bxc6 27. Bxc6 Ne6 28.
Bd5 Re8 29. Qd3 Qg6 30. Ra1 f4 31. Ra8 Rxa8 32. Bxa8 fxe3 33. fxe3 g4 34. Bd5
Ng5 35. Bg2 Kg7 36. Qe2 h5 37. Bd5 Nh3+ 38. Kg2 Ng5 39. Bc6 Qf5 40. Bd5 Qf6 41.
Qd3 Nh3 42. Qc2 Ng5 43. Qf2 Qxf2+ 44. Kxf2 Kf6 45. Bc6 Kf7 46. Bg2 Kf6 47. e4
Ne6 48. Ke3 Ng5 49. Bf1 Ne6 50. h4 Ng7 51. Bd3 Ne6 52. Bc2 Ng7 53. Bb3 Ne6 54.
Kd3 Ng7 55. Ba2 Ne8 56. Kc3 Ng7 57. Bb3 Ne6 58. Kd3 Ng7 59. c5 bxc5 60. dxc5
1/2-1/2

[Event "3. Wittelsbacher Weihnachts-Schach-Open"]
[Site "Kelheim"]
[Date "2014.12.28"]
[Round "5.33"]
[White "Seifert, Werner"]
[Black "Bartmann, Florian"]
[Result "1/2-1/2"]
[WhiteElo "1997"]
[BlackElo "1734"]
[PlyCount "130"]
[EventDate "2014.??.??"]
[WhiteTeam "SV WB Allianz München"]
[BlackTeam "SK Kelheim"]

1. e4 c5 2. d4 cxd4 3. c3 g6 4. Nf3 d3 5. Bxd3 Bg7 6. O-O d6 7. h3 Nf6 8. c4
Nbd7 9. Nc3 a6 10. Be3 O-O 11. Rc1 b6 12. Nd4 Bb7 13. f3 Rc8 14. b3 e6 15. Qd2
Qc7 16. Rfd1 Qb8 17. Bf1 Rfd8 18. Qf2 h6 19. Nde2 Bc6 20. Qh4 Kh7 21. Nd4 Bb7
22. Bd3 e5 23. Nde2 Bc6 24. Qf2 Nc5 25. Bc2 b5 26. b4 Ne6 27. cxb5 Bxb5 28. a3
Nh5 29. Bb3 Bc4 30. Bxc4 Rxc4 31. Nd5 Rdc8 32. Nec3 Nd4 33. g3 Qb7 34. Qb2
Nxf3+ 35. Kg2 Nd4 36. Ne2 Nxe2 37. Qxe2 Rxc1 38. Rxc1 Rxc1 39. Bxc1 f5 40. Qc4
fxe4 41. Qxe4 Qf7 42. Be3 Nf6 43. Nxf6+ Bxf6 44. Qd3 Qb7+ 45. Kh2 d5 46. Bc5 e4
47. Qf1 Bg7 48. Qf2 Qc6 49. h4 Qe6 50. a4 h5 51. b5 axb5 52. axb5 Qd7 53. b6 d4
54. Qf4 e3 55. Qc7 Qg4 56. b7 Qe2+ 57. Kh1 d3 58. Bd4 Qd1+ 59. Kg2 Qe2+ 60. Kh3
Qg4+ 61. Kg2 Qxd4 62. b8=Q Qe4+ 63. Kh2 Qf3 64. Qb2 Qf2+ 65. Kh3 Qf5+ 1/2-1/2

[Event "3. Wittelsbacher Weihnachts-Schach-Open"]
[Site "Kelheim"]
[Date "2014.12.28"]
[Round "5.34"]
[White "Altmann, Jens"]
[Black "Brassat, Jürgen"]
[Result "1/2-1/2"]
[WhiteElo "2004"]
[BlackElo "1879"]
[PlyCount "62"]
[EventDate "2014.??.??"]
[WhiteTeam "SF Leipzig-Südost"]
[BlackTeam "SC Eulenspiegel Regensb."]

1. e4 c5 2. Nc3 e6 3. f4 d5 4. Bb5+ Nc6 5. d3 Nge7 6. Nf3 a6 7. Bxc6+ Nxc6 8.
O-O Be7 9. Bd2 O-O 10. Kh1 d4 11. Ne2 f5 12. Ng3 Bd7 13. a3 Be8 14. Qe1 Kh8 15.
Qe2 Bd7 16. Rad1 Qc7 17. c3 Rae8 18. Rc1 Qd8 19. Be1 b6 20. cxd4 cxd4 21. e5 a5
22. Bf2 Bc5 23. Ng5 g6 24. Nf3 Kg7 25. Rc4 Bc8 26. Rfc1 Ba6 27. R4c2 Bb7 28.
Be1 Qe7 29. b4 axb4 30. axb4 Bxb4 31. Rxc6 Bxc6 1/2-1/2

[Event "3. Wittelsbacher Weihnachts-Schach-Open"]
[Site "Kelheim"]
[Date "2014.12.28"]
[Round "5.35"]
[White "Fröhlich, Manuel"]
[Black "Strohmann, Marcel"]
[Result "1/2-1/2"]
[WhiteElo "1711"]
[BlackElo "1864"]
[PlyCount "84"]
[EventDate "2014.??.??"]
[WhiteTeam "TSV Oberviechtach"]
[BlackTeam "SV Erkenschwick"]

1. d4 Nf6 2. c4 g6 3. Nc3 Bg7 4. e4 d6 5. f3 O-O 6. Be3 e5 7. d5 Nbd7 8. Bd3
Nh5 9. Nge2 f5 10. exf5 gxf5 11. Qc2 Nc5 12. Bxc5 dxc5 13. Qd2 Qf6 14. Kd1 Bh6
15. Qe1 Kh8 16. Kc2 Nf4 17. Nxf4 Bxf4 18. g3 Bh6 19. Qe2 a6 20. Raf1 Bd7 21. h4
Qg7 22. Rfg1 Rf7 23. g4 fxg4 24. fxg4 Bf4 25. g5 Bf5 26. Ne4 Qf8 27. h5 Rg7 28.
h6 Rg6 29. Nf6 Rxg5 30. Rxg5 Bxg5 31. Nxh7 Kxh7 32. Rf1 Qxh6 33. Bxf5+ Kg7 34.
Qxe5+ Qf6 35. Qxf6+ Bxf6 36. Rg1+ Kf7 37. Be6+ Ke7 38. Rg8 Rxg8 39. Bxg8 Kd6
40. b3 b6 41. Kd3 Ke5 42. a4 a5 1/2-1/2

[Event "3. Wittelsbacher Weihnachts-Schach-Open"]
[Site "Kelheim"]
[Date "2014.12.28"]
[Round "5.36"]
[White "Frei, Robert"]
[Black "Braun, Kristin"]
[Result "1-0"]
[WhiteElo "1878"]
[BlackElo "1765"]
[PlyCount "102"]
[EventDate "2014.??.??"]
[WhiteTeam "TSV Mindelheim"]
[BlackTeam "SC Forchheim"]

1. e4 d6 2. d4 Nf6 3. Nc3 g6 4. f4 Bg7 5. Nf3 O-O 6. e5 dxe5 7. fxe5 Nd5 8. Bc4
c6 9. h3 Be6 10. Bb3 h6 11. Ne4 Nd7 12. O-O Qb6 13. c4 Nc7 14. Be3 Nxe5 15.
Nxe5 Bxe5 16. c5 Qb4 17. Bxe6 Nxe6 18. a3 Qxb2 19. Rf2 Qb5 20. dxe5 Rad8 21.
Qb1 Kg7 22. a4 Qxb1+ 23. Rxb1 Rd7 24. Rfb2 Rb8 25. Kf2 g5 26. g3 Kg6 27. Rb4
Kf5 28. h4 gxh4 29. gxh4 h5 30. Ng5 a5 31. Rc4 Nxg5 32. Bxg5 Rbd8 33. Rb2 Kg6
34. Kf3 Rd3+ 35. Ke4 R3d7 36. Rf2 Rd5 37. Be3 f6 38. exf6 exf6 39. Rg2+ Kf7 40.
Bf4 Re8+ 41. Kf3 Rd7 42. Rb2 f5 43. Bg5 Kg6 44. Rg2 Kf7 45. Kf4 Rd5 46. Rb2
Re4+ 47. Rxe4 fxe4 48. Rxb7+ Kg6 49. Be7 Rd4 50. Rc7 Rxa4 51. Rxc6+ Kf7 1-0

[Event "3. Wittelsbacher Weihnachts-Schach-Open"]
[Site "Kelheim"]
[Date "2014.12.28"]
[Round "5.37"]
[White "Stutz, Robert"]
[Black "Doleschal, Johannes"]
[Result "1/2-1/2"]
[WhiteElo "1816"]
[BlackElo "2019"]
[Annotator "Doe,John"]
[PlyCount "79"]
[EventDate "2014.??.??"]
[WhiteTeam "TSV Grossmehring"]
[BlackTeam "TSV Kirchenlaibach"]

1. e4 {[%emt 0:00:00]} e5 {[%emt 0:00:00]} 2. Nf3 Nc6 3. d4 exd4 4. Nxd4 Bc5 5.
Nxc6 bxc6 6. Bd3 Qf6 7. O-O Ne7 8. Nc3 d6 9. Na4 Bb6 10. Nxb6 axb6 11. f4 O-O
12. Kh1 Ba6 13. Qe2 Bxd3 14. cxd3 c5 15. Be3 Nc6 16. Qf2 Nb4 17. d4 cxd4 18.
Bxd4 Qe6 19. Qg3 f6 20. e5 dxe5 21. fxe5 f5 22. a3 Nc2 23. Rad1 Nxd4 24. Rxd4
Rae8 25. Re1 Qf7 26. Qd3 Re7 27. Qc3 Rfe8 28. h3 g6 29. Rc4 Qg7 30. b4 Kh8 31.
Kh2 Rd8 32. Rc6 Rd5 33. Rc1 Qxe5+ 34. Qxe5+ Rdxe5 35. Rxc7 Rxc7 36. Rxc7 Re3
37. Rb7 Rxa3 38. Rxb6 Rb3 39. Rb7 h6 40. Kg1 1/2-1/2

[Event "3. Wittelsbacher Weihnachts-Schach-Open"]
[Site "Kelheim"]
[Date "2014.12.28"]
[Round "5.38"]
[White "Schmid, Bernhard"]
[Black "Klimpel, Siegfried"]
[Result "1-0"]
[WhiteElo "1797"]
[BlackElo "1836"]
[PlyCount "45"]
[EventDate "2014.??.??"]
[WhiteTeam "SC Sinzing"]
[BlackTeam "TSV Kareth-Lappersdorf"]

1. d4 g6 2. c4 Bg7 3. Nc3 d6 4. e4 a6 5. Nf3 Nc6 6. Be3 Nf6 7. d5 Na7 8. Be2 c5
9. O-O O-O 10. h3 b5 11. e5 dxe5 12. Bxc5 Qc7 13. Bxa7 Rxa7 14. cxb5 Qd6 15.
Re1 Rd8 16. bxa6 Bxa6 17. Bxa6 Rxa6 18. Nxe5 Qb4 19. Qe2 Rda8 20. Nc6 Qb7 21.
Nxe7+ Kh8 22. Rad1 Re8 23. d6 1-0

[Event "3. Wittelsbacher Weihnachts-Schach-Open"]
[Site "Kelheim"]
[Date "2014.12.28"]
[Round "5.39"]
[White "Wltschek, Christian"]
[Black "Antczak, Lena"]
[Result "1-0"]
[WhiteElo "1951"]
[BlackElo "1614"]
[PlyCount "56"]
[EventDate "2014.??.??"]
[WhiteTeam "TSV Wacker Neutraubling"]
[BlackTeam "SK Kelheim"]

1. e4 e5 2. Nf3 Nc6 3. d4 exd4 4. Nxd4 Bc5 5. Be3 Qf6 6. c3 Nge7 7. Bc4 Ne5 8.
Be2 O-O 9. O-O d6 10. f4 N5g6 11. Qd2 d5 12. e5 Qb6 13. b4 Bxd4 14. Bxd4 Qc6
15. a4 Qe8 16. Na3 c6 17. g4 f5 18. exf6 gxf6 19. Rae1 Qd8 20. Bd1 Qc7 21. Qf2
b6 22. h4 h6 23. h5 Nh8 24. Qh4 Qd6 25. Qf2 a5 26. Bxb6 axb4 27. Bc5 Qc7 28.
Rxe7 Rxa4 1-0

[Event "3. Wittelsbacher Weihnachts-Schach-Open"]
[Site "Kelheim"]
[Date "2014.12.28"]
[Round "5.40"]
[White "Wei?, Thomas"]
[Black "Stöckl, Patrick"]
[Result "0-1"]
[WhiteElo "1763"]
[BlackElo "1524"]
[PlyCount "64"]
[EventDate "2014.??.??"]
[WhiteTeam "SV Deggendorf"]
[BlackTeam "TSV Dietfurt/Altm."]

1. e4 e5 2. Bc4 Nc6 3. Nf3 Bc5 4. c3 Nf6 5. d3 d6 6. Bb3 Bg4 7. Nbd2 a5 8. Nf1
Ne7 9. h3 Be6 10. Ng5 d5 11. Nxe6 fxe6 12. Qe2 Ng6 13. g3 a4 14. Bc2 c6 15. Be3
d4 16. Bd2 Rf8 17. f4 Nd7 18. Qg4 Qf6 19. Qh5 O-O-O 20. f5 exf5 21. Bg5 Qf7 22.
Bxd8 fxe4 23. Nd2 Qf2+ 24. Kd1 Qg2 25. Re1 Rf2 26. Nxe4 Rxc2 27. Bg5 Rxb2 28.
Re2 Qf1+ 29. Re1 Qxd3+ 30. Nd2 dxc3 31. Re2 cxd2 32. Bxd2 Be3 0-1

[Event "3. Wittelsbacher Weihnachts-Schach-Open"]
[Site "Kelheim"]
[Date "2014.12.28"]
[Round "5.41"]
[White "Brunner, Tobias"]
[Black "Broszeit, Peter"]
[Result "0-1"]
[WhiteElo "1539"]
[BlackElo "2012"]
[PlyCount "100"]
[EventDate "2014.??.??"]
[WhiteTeam "TSV Nittenau"]
[BlackTeam "SV Erkenschwick"]

1. e4 e6 2. d4 d5 3. exd5 exd5 4. Bd3 Nf6 5. Bf4 Bd6 6. Bxd6 Qxd6 7. Nf3 O-O 8.
O-O Bg4 9. Nbd2 Nbd7 10. c3 c5 11. dxc5 Nxc5 12. Qc2 Rac8 13. Bf5 Bxf5 14. Qxf5
Nce4 15. Rad1 Qb6 16. Nb3 Rfe8 17. Ne1 a5 18. Nd3 a4 19. Nd4 a3 20. Nb3 axb2
21. Nxb2 Nxc3 22. Rd2 Nxa2 23. Nd4 Qb4 24. Nf3 Nc3 25. Nd3 Qd4 26. Qg5 h6 27.
Qh4 Qxh4 28. Nxh4 Re2 29. Rxe2 Nxe2+ 30. Kh1 Rc3 31. Nb4 Rc4 32. Nxd5 Nxd5 33.
Nf5 Rc1 34. Rxc1 Nxc1 35. Nd6 b6 36. Nb5 Ne2 37. g3 Nec3 38. Nd4 b5 39. Kg2 b4
40. Kf1 g6 41. Ke1 Kg7 42. Kd2 Ne4+ 43. Ke2 Nc5 44. f4 b3 45. Nxb3 Nxb3 46. Kf3
Nd2+ 47. Ke2 Ne4 48. Kf3 f5 49. h3 Kf6 50. g4 h5 0-1

[Event "3. Wittelsbacher Weihnachts-Schach-Open"]
[Site "Kelheim"]
[Date "2014.12.28"]
[Round "5.42"]
[White "Schulz, Angelika"]
[Black "Hilburger, Johannes"]
[Result "0-1"]
[WhiteElo "1503"]
[BlackElo "1802"]
[PlyCount "66"]
[EventDate "2014.??.??"]
[WhiteTeam "SV Erkenschwick"]
[BlackTeam "TSV Oberviechtach"]

1. Nf3 g6 2. d4 Bg7 3. c4 Nf6 4. Nc3 d6 5. e4 O-O 6. Be2 Nbd7 7. O-O e5 8. d5
Nh5 9. Ne1 Nf4 10. Nd3 Nxd3 11. Bxd3 f5 12. f4 Nc5 13. Rb1 Nxd3 14. Qxd3 fxe4
15. Qe2 exf4 16. Rxf4 Rxf4 17. Bxf4 Qh4 18. Rf1 Bxc3 19. bxc3 Bf5 20. Bg3 Qg4
21. Qe3 b6 22. h3 Qh5 23. Rf4 Qd1+ 24. Rf1 Qd3 25. Qg5 Rf8 26. Bf4 Qxc3 27. Qh4
Qd4+ 28. Kh2 e3 29. Qh6 e2 30. Re1 Bd3 31. Bg3 Rf1 32. h4 Qg1+ 33. Kh3 Bf5# 0-1

[Event "3. Wittelsbacher Weihnachts-Schach-Open"]
[Site "Kelheim"]
[Date "2014.12.28"]
[Round "5.43"]
[White "Glück, Ulrich"]
[Black "Pfenning, Uwe"]
[Result "1/2-1/2"]
[WhiteElo "1713"]
[BlackElo "1804"]
[PlyCount "98"]
[EventDate "2014.??.??"]
[WhiteTeam "MSA Zugzwang"]
[BlackTeam "SG Ludwigsburg"]

1. d4 f5 2. c4 Nf6 3. Nc3 g6 4. Bg5 Bg7 5. Bxf6 Bxf6 6. e4 d6 7. exf5 Bxf5 8.
Bd3 Bxd3 9. Qxd3 c6 10. Nf3 Nd7 11. O-O O-O 12. Rfe1 e5 13. Ne4 exd4 14. Nxf6+
Qxf6 15. Qxd4 Qxd4 16. Nxd4 Ne5 17. b3 Rae8 18. Rad1 Rf4 19. Re3 Rf6 20. Rde1
Rd8 21. h3 Rd7 22. c5 dxc5 23. Nc2 Nf7 24. f3 Rd2 25. R3e2 Rxe2 26. Rxe2 Kf8
27. Kf2 Nd6 28. Re5 Kf7 29. Ne3 Re6 30. Rxc5 b6 31. Rc3 c5 32. Rd3 Nb5 33. Rd7+
Re7 34. Rxe7+ Kxe7 35. Nc4 Nc3 36. a3 Ke6 37. Ke3 Nd5+ 38. Ke4 Nf6+ 39. Ke3 Kd5
40. g4 b5 41. Nd2 c4 42. bxc4+ bxc4 43. Nb1 Kc5 44. h4 Nd5+ 45. Ke4 c3 46. Kd3
c2 47. Kxc2 Kd4 48. Kd2 Nf4 49. Nc3 a6 1/2-1/2

[Event "3. Wittelsbacher Weihnachts-Schach-Open"]
[Site "Kelheim"]
[Date "2014.12.28"]
[Round "5.44"]
[White "Meckel, Helmut"]
[Black "Simon, Manuel"]
[Result "1-0"]
[WhiteElo "1828"]
[BlackElo "1609"]
[PlyCount "57"]
[EventDate "2014.??.??"]
[WhiteTeam "SG Solingen"]
[BlackTeam "SK M?mbris"]

1. d4 Nf6 2. Nc3 g6 3. e4 d6 4. f4 Bg7 5. Bc4 O-O 6. Nf3 Nbd7 7. e5 dxe5 8.
fxe5 Ne8 9. Bg5 Nb6 10. Bb3 Kh8 11. Qd2 c6 12. Bh6 Nc7 13. h4 Bg4 14. O-O-O
Nbd5 15. Nxd5 Nxd5 16. c4 Nc7 17. Kb1 b5 18. d5 bxc4 19. Bxc4 cxd5 20. Qf4 Bxf3
21. gxf3 Rb8 22. h5 Ne6 23. Qe3 Qc7 24. Bxg7+ Nxg7 25. hxg6 Qb6 26. Rxh7+ Kg8
27. Rh8+ Kxh8 28. Qh6+ Kg8 29. Qh7# 1-0

[Event "3. Wittelsbacher Weihnachts-Schach-Open"]
[Site "Kelheim"]
[Date "2014.12.28"]
[Round "5.45"]
[White "Müller, Johannes"]
[Black "Fritsch, Julian"]
[Result "1-0"]
[WhiteElo "1768"]
[BlackElo "1346"]
[PlyCount "50"]
[EventDate "2014.??.??"]
[WhiteTeam "SK Kelheim"]
[BlackTeam "SK Kelheim"]

1. d4 d6 2. e4 Nf6 3. Nc3 g6 4. Be3 Bg7 5. Qd2 O-O 6. Bh6 e5 7. Bxg7 Kxg7 8.
Nf3 Nc6 9. Bb5 exd4 10. Nxd4 Nxd4 11. Qxd4 c6 12. Be2 d5 13. exd5 cxd5 14.
O-O-O Be6 15. g4 Kg8 16. h4 Ne4 17. Nxe4 dxe4 18. Qxe4 Qb6 19. h5 Bxa2 20. hxg6
fxg6 21. b3 Qxf2 22. Bc4+ Kh8 23. Qe5+ Qf6 24. Qxf6+ Rxf6 25. Rd7 Bxb3 1-0

[Event "3. Wittelsbacher Weihnachts-Schach-Open"]
[Site "Kelheim"]
[Date "2014.12.28"]
[Round "5.46"]
[White "Stierle, Martin"]
[Black "M?hlich, Cornelius"]
[Result "1/2-1/2"]
[WhiteElo "1894"]
[BlackElo "1427"]
[PlyCount "45"]
[EventDate "2014.??.??"]
[WhiteTeam "SG Donautal Tuttlingen"]
[BlackTeam "SK Kelheim"]

1. d4 c6 2. c4 d5 3. Nf3 Nf6 4. Nc3 e6 5. g3 Be7 6. Bg2 O-O 7. O-O Nbd7 8. Qc2
Qc7 9. Bf4 Bd6 10. Bxd6 Qxd6 11. e4 dxe4 12. Nxe4 Nxe4 13. Qxe4 c5 14. Rfd1
cxd4 15. Rxd4 Qc7 16. Rad1 Rb8 17. Ng5 Nf6 18. Qh4 h6 19. Ne4 Nxe4 20. Bxe4 b6
21. Rd8 Ba6 22. Rxf8+ Kxf8 23. b3 1/2-1/2

[Event "3. Wittelsbacher Weihnachts-Schach-Open"]
[Site "Kelheim"]
[Date "2014.12.28"]
[Round "5.47"]
[White "Kutschera, Reinhardt"]
[Black "Gabler, Eric"]
[Result "0-1"]
[WhiteElo "1403"]
[BlackElo "1864"]
[PlyCount "62"]
[EventDate "2014.??.??"]
[WhiteTeam "DJK-Regensburg Nord"]
[BlackTeam "TV Geiselh?ring"]

1. c4 Nf6 2. d4 c6 3. g3 e6 4. a3 d5 5. Qb3 Bd6 6. Nf3 O-O 7. c5 Be7 8. Bf4 b6
9. Qa4 bxc5 10. dxc5 Bxc5 11. Bxb8 Rxb8 12. Qxc6 Qa5+ 13. Nbd2 Bd7 14. b4 Rxb4
15. Qxc5 Qxc5 16. axb4 Qxb4 17. Bg2 a5 18. O-O a4 19. Ra2 Qd6 20. Rfa1 h6 21.
e3 Rc8 22. Bf1 Rc5 23. Be2 Qc7 24. Kg2 Rc2 25. Ra3 e5 26. Bd1 e4 27. Bxc2 exf3+
28. Nxf3 Qxc2 29. Nd4 Qe4+ 30. Nf3 Bg4 31. R1a2 Qxf3+ 0-1

[Event "3. Wittelsbacher Weihnachts-Schach-Open"]
[Site "Kelheim"]
[Date "2014.12.28"]
[Round "5.48"]
[White "Malzer, Werner"]
[Black "Obermeier, Johannes"]
[Result "1-0"]
[WhiteElo "1906"]
[BlackElo "1613"]
[PlyCount "39"]
[EventDate "2014.??.??"]
[WhiteTeam "TSV Kirchenlaibach"]
[BlackTeam "SK Kelheim"]

1. e4 e5 2. Nf3 Nc6 3. Be2 Nf6 4. d3 d5 5. exd5 Nxd5 6. O-O Bc5 7. c3 O-O 8.
Nbd2 f5 9. Nxe5 Nxe5 10. d4 Bxd4 11. cxd4 Nc6 12. Nf3 Be6 13. Ng5 Bc8 14. a3
Qf6 15. Nf3 h6 16. Bc4 Nce7 17. Bf4 Kh8 18. Be5 Qb6 19. Qd2 Be6 20. Qxh6+ 1-0

[Event "3. Wittelsbacher Weihnachts-Schach-Open"]
[Site "Kelheim"]
[Date "2014.12.28"]
[Round "5.49"]
[White "N?ckler, Alexander"]
[Black "Gottschall, Ina"]
[Result "1/2-1/2"]
[WhiteElo "1947"]
[BlackElo "1773"]
[PlyCount "133"]
[EventDate "2014.??.??"]
[WhiteTeam "SK Weiden"]
[BlackTeam "USV TU Dresden"]

1. c4 Nf6 2. Nc3 g6 3. Nf3 Bg7 4. g3 c5 5. Bg2 Nc6 6. O-O O-O 7. e3 d6 8. d4
Rb8 9. a3 a6 10. d5 Na7 11. Qd3 b5 12. e4 bxc4 13. Qxc4 Nb5 14. Na4 Nd7 15. Bf4
Nb6 16. Nxb6 Rxb6 17. e5 Bg4 18. Rfe1 Bxf3 19. Bxf3 Nd4 20. Bd1 Qb8 21. b4 dxe5
22. bxc5 Rb1 23. Rxb1 Qxb1 24. Bd2 Qb5 25. Qxb5 Nxb5 26. Bb4 Rd8 27. Bf3 Nd4
28. Bg2 f5 29. f3 Rxd5 30. f4 e4 31. Kf2 Nc2 32. Re2 Bd4+ 33. Kf1 Ne3+ 34. Ke1
Nxg2+ 35. Rxg2 Bxc5 36. Bc3 Bxa3 37. Ra2 Bd6 38. Rxa6 Rd3 39. Ba1 Ra3 40. Rxa3
Bxa3 41. Bd4 Kf7 42. h3 Ke6 43. Ke2 Kd5 44. Bb6 Bd6 45. Be3 e5 46. Bd2 exf4 47.
gxf4 Bc5 48. Bc1 Bd4 49. Bd2 Ke6 50. Bc1 Kf7 51. Bd2 Kg7 52. Kf1 Kh6 53. Kg2
Bf6 54. Kg3 Kh5 55. Bb4 g5 56. Ba5 Be7 57. Bc7 Bb4 58. fxg5 Kxg5 59. Bd8+ Kg6
60. Bc7 Bd2 61. Bd6 Kf7 62. Bc7 Ke6 63. Bb8 Kd5 64. Kf2 e3+ 65. Kf3 Kd4 66. Bg3
Kd3 67. Kf4 1/2-1/2

[Event "3. Wittelsbacher Weihnachts-Schach-Open"]
[Site "Kelheim"]
[Date "2014.12.28"]
[Round "5.50"]
[White "Tautz, Helmut"]
[Black "Loebel, Petra"]
[Result "0-1"]
[WhiteElo "1539"]
[BlackElo "1787"]
[PlyCount "82"]
[EventDate "2014.??.??"]
[WhiteTeam "SK Kelheim"]
[BlackTeam "SC Noris-Tarrasch N?rnberg"]

1. e4 e6 2. d4 d5 3. e5 c5 4. Nf3 Nc6 5. Bb5 Qb6 6. Bxc6+ bxc6 7. O-O Ba6 8.
Re1 cxd4 9. Nxd4 c5 10. Nb3 Ne7 11. c3 Nf5 12. Na3 Be7 13. Nd2 O-O 14. Qb3 Qc6
15. Nf3 Rfd8 16. Bg5 Bxg5 17. Nxg5 Rab8 18. Qc2 h6 19. Nf3 Rb6 20. Rad1 Rdb8
21. b3 Bb7 22. Nd2 a5 23. f3 c4 24. Nab1 Qc5+ 25. Kh1 Ne3 26. Rxe3 Qxe3 27.
bxc4 Ba6 28. Na3 Rb2 29. Qc1 Rxa2 30. cxd5 exd5 31. c4 Qxa3 32. Qxa3 Rxa3 33.
cxd5 Rd3 34. d6 Kf8 35. h3 Ke8 36. Ra1 Rxd2 37. Rxa5 Bf1 38. e6 fxe6 39. Ra7
Bxg2+ 40. Kh2 Bxf3+ 41. Kg3 Bb7 0-1

[Event "3. Wittelsbacher Weihnachts-Schach-Open"]
[Site "Kelheim"]
[Date "2014.12.28"]
[Round "5.51"]
[White "Guckes, Fabian"]
[Black "Schmitz, Marc"]
[Result "0-1"]
[WhiteElo "1524"]
[BlackElo "1741"]
[PlyCount "90"]
[EventDate "2014.??.??"]
[WhiteTeam "SV Worms"]
[BlackTeam "SV Saal/Donau"]

1. e4 c5 2. Nc3 Nc6 3. g3 g6 4. Bg2 Bg7 5. Nge2 d6 6. O-O Nf6 7. d3 O-O 8. h3
Bd7 9. Be3 Rb8 10. a3 b5 11. b4 Qb6 12. Rb1 Nd4 13. Nf4 e6 14. Nfe2 Rfc8 15. a4
a6 16. a5 Qd8 17. Nxd4 cxd4 18. Bxd4 e5 19. Bb6 Rxb6 20. axb6 Rxc3 21. b7 Qb6
22. Qd2 Rc7 23. Ra1 Qxb7 24. Rfe1 Qc8 25. c4 h6 26. Qa2 Rc6 27. cxb5 axb5 28.
Qa8 Qxa8 29. Rxa8+ Bf8 30. Ra3 Rc2 31. Raa1 Rc3 32. Red1 Be6 33. Rac1 Rb3 34.
Rb1 Ne8 35. Rxb3 Bxb3 36. Rd2 Bg7 37. Kf1 Nc7 38. Ke2 Ne6 39. Ke3 h5 40. f4
exf4+ 41. gxf4 Nxf4 42. Bf1 Ne6 43. Kf2 Bd4+ 44. Kg3 Bc3 45. Rg2 Bxb4 0-1

[Event "3. Wittelsbacher Weihnachts-Schach-Open"]
[Site "Kelheim"]
[Date "2014.12.28"]
[Round "5.52"]
[White "Koellner, Ulrich"]
[Black "Kornitzky, Tino"]
[Result "1-0"]
[WhiteElo "1890"]
[BlackElo "1627"]
[PlyCount "61"]
[EventDate "2014.??.??"]
[WhiteTeam "SV Hofheim"]
[BlackTeam "TSV Bindlach"]

1. d4 Nf6 2. c4 e6 3. Nc3 d5 4. Nf3 Bb4 5. e3 c5 6. dxc5 Nc6 7. Bd2 Bxc5 8. Be2
O-O 9. O-O Re8 10. Rc1 d4 11. exd4 Nxd4 12. Nxd4 Bxd4 13. Bf3 e5 14. Qe2 Qe7
15. Bg5 Bxc3 16. Rxc3 Bf5 17. Bxf6 Qxf6 18. Bxb7 Rab8 19. Bd5 Rb6 20. Re1 Qh4
21. b3 Rh6 22. h3 Rg6 23. Qf3 e4 24. Rce3 Rf6 25. Qg3 Rh6 26. Qxh4 Rxh4 27. f3
Bd7 28. Bxe4 Rd8 29. Rd1 Re8 30. Rxd7 f5 31. Bd5+ 1-0

[Event "3. Wittelsbacher Weihnachts-Schach-Open"]
[Site "Kelheim"]
[Date "2014.12.28"]
[Round "5.53"]
[White "Urban, Rudolf"]
[Black "Karl, Thomas"]
[Result "1-0"]
[WhiteElo "1873"]
[BlackElo "1390"]
[PlyCount "69"]
[EventDate "2014.??.??"]
[WhiteTeam "SC Roter Turm Altstadt"]
[BlackTeam "SK Kelheim"]

1. d4 d5 2. Bf4 Nf6 3. e3 e6 4. Nd2 Nbd7 5. Bd3 Be7 6. Ngf3 O-O 7. h3 c5 8. c3
b6 9. O-O Bb7 10. Qe2 Rc8 11. Rac1 Re8 12. Bb1 c4 13. Be5 b5 14. Bxf6 Nxf6 15.
Ne5 b4 16. cxb4 Bxb4 17. f4 a5 18. Ndf3 a4 19. a3 Be7 20. Rc3 Qd6 21. Ng5 g6
22. Ngxf7 Qb6 23. Ng5 Bc6 24. Nxe6 Bxa3 25. Rxa3 Rxe6 26. f5 Rd6 27. fxg6 hxg6
28. Nxg6 Rc7 29. Ne5 Rg7 30. Rf2 Be8 31. Bc2 Qa7 32. Ra1 Ra6 33. Rff1 Qe7 34.
Kh2 Ra8 35. Rxf6 1-0

[Event "3. Wittelsbacher Weihnachts-Schach-Open"]
[Site "Kelheim"]
[Date "2014.12.28"]
[Round "5.54"]
[White "Mosler, Ernst"]
[Black "Aigner, Georg"]
[Result "0-1"]
[WhiteElo "1656"]
[BlackElo "1845"]
[PlyCount "104"]
[EventDate "2014.??.??"]
[WhiteTeam "SV Wettstetten"]
[BlackTeam "TSV Dietfurt/Altm."]

1. e4 e5 2. Nf3 Nc6 3. Bc4 Bc5 4. Nc3 Nf6 5. d3 h6 6. Na4 Be7 7. a3 a6 8. Ba2
d6 9. h3 O-O 10. Be3 Be6 11. Bxe6 fxe6 12. Nc3 d5 13. exd5 exd5 14. d4 Bd6 15.
dxe5 Nxe5 16. Nxd5 Rf7 17. Nxf6+ Qxf6 18. Nxe5 Qxe5 19. Qd4 Qb5 20. a4 Qc6 21.
O-O Qxc2 22. Rfc1 Qf5 23. Qg4 Qxg4 24. hxg4 Be5 25. Rab1 Rd8 26. Kf1 Kf8 27. b3
Ke8 28. Ke2 Bd4 29. Bxd4 Rxd4 30. f3 Re7+ 31. Kf1 Kd7 32. Rd1 Rxd1+ 33. Rxd1+
Kc6 34. b4 b6 35. Kf2 a5 36. bxa5 bxa5 37. Rd4 Kc5 38. Re4 Rxe4 39. fxe4 Kd4
40. Kf3 c5 41. e5 Kxe5 42. Ke3 c4 43. g3 g6 44. Ke2 Kd4 45. Kd2 c3+ 46. Kd1 Kc4
47. Kc1 Kb3 48. Kb1 Kxa4 49. Kc2 Kb4 50. Kc1 Kb3 51. Kb1 c2+ 52. Kc1 a4 0-1

[Event "3. Wittelsbacher Weihnachts-Schach-Open"]
[Site "Kelheim"]
[Date "2014.12.28"]
[Round "5.55"]
[White "Schindler, Tobias"]
[Black "Rösch, Maximilian"]
[Result "1/2-1/2"]
[WhiteElo "1721"]
[BlackElo "1660"]
[PlyCount "30"]
[EventDate "2014.??.??"]
[WhiteTeam "SK Kelheim"]
[BlackTeam "SK Kelheim"]

1. c4 e5 2. g3 Nc6 3. Nc3 g6 4. Bg2 Bg7 5. d3 f5 6. f4 exf4 7. Bxf4 Nf6 8. Nf3
O-O 9. O-O d6 10. Qd2 Rb8 11. Bh6 Bd7 12. Bxg7 Kxg7 13. h3 Qc8 14. Kh2 a6 15.
Rad1 Qe8 1/2-1/2

[Event "3. Wittelsbacher Weihnachts-Schach-Open"]
[Site "Kelheim"]
[Date "2014.12.28"]
[Round "5.56"]
[White "Mack, Patrick"]
[Black "Li, Simon"]
[Result "0-1"]
[WhiteElo "1345"]
[BlackElo "1815"]
[PlyCount "34"]
[EventDate "2014.??.??"]
[WhiteTeam "SC Bechhofen"]
[BlackTeam "SK Schweinfurt"]

1. e4 c5 2. Nf3 Nc6 3. d4 cxd4 4. Nxd4 g6 5. Be3 Bg7 6. Nc3 Nf6 7. f3 O-O 8.
Qd2 d5 9. Nxc6 bxc6 10. O-O-O Be6 11. exd5 Bxd5 12. Nxd5 cxd5 13. h4 Rb8 14.
Bh6 Ne4 15. Qe1 Bxb2+ 16. Kb1 Bc3+ 17. Kc1 Rb1+ 0-1